équipe de France 2023 foot - Statistiques

Statistiques générales
  • Ce quiz a été pris 361 fois
  • Le résultat moyen est 19 sur 23
Statistiques - réponses
Par images Réponse % Correct
pavard
95%
areola
94%
camavinga
94%
hernandez
94%
maignan
94%
koundé
93%
rabiot
89%
thuram
85%
thuram
85%
upamecano
85%
giroud
84%
saliba
84%
konaté
83%
samba
83%
coman
82%
fofana
82%
fofana
82%
mbappe
82%
griezmann
80%
kolo muani
74%
veretout
72%
diaby
64%
tchouamenie
46%
Aucun quiz correspondant
Distribution des résultats
% des personnes avec chaque résultat
Percentile par nombre de réponses
Votre historique - résultats
Vous n’avez pas pris ce quiz